Un capitán de quince años / (Registro nro. 11012)

Detalles MARC
000 -LIDER
fixed length control field 00652cam a2200265 i 4500
001 - NÚMERO DE CONTROL
Identificador de número de control 0000566
003 - IDENTIFICACDOR DE NÚMERO DE CONTROL
control field DO-SdBNP
005 - DATE AND TIME OF LATEST TRANSACTION
control field 20180206111422.0
007 - CAMPOS FIJOS DE DESCRIPCIÓN FÍSICA
fixed length control field 0000566
008 - ELEMENTOS DE LONGITUD FIJA
fixed length control field 100514s 1977 sp a 000 f spa
015 ## - NÚMERO DENTRO DE LA BIBLIOGRAFÍA NACIONAL
National bibliography number
017 ## - NÚMERO DE REGISTRO DE DERECHOS DE AUTOR
Copyright or legal deposit number
Assigning agency
020 ## - ISBN
International Standard Book Number 8424302230
035 ## - NÚMERO LOCAL
System control number
040 ## - FUENTE DE CATALOGACIÓN
Agencia que crea de manera original el registro BPMSU
Idioma de catalogación spa
Agencia que realiza la transcripción BPMSU
Convenciones de la despripción
080 ## - NÚMERO DE CLASIFICACIÓN DECIMAL UNIVERSAL
Universal Decimal Classification number
100 1# - ASIENTO PRINCIPAL -- NOMBRE PERSONAL
Nombre personal Verne, Julio
Fechas asociadas con el nombre 1828-1905
245 13 - MENCIÓN DE TITULO
Título Un capitán de quince años /
Medio (Designación general de material)
Mención de responsabilidad Julio Verne
260 ## - PUBLICACIÓN, DISTRIBUCIÓN, ETC. (PIE DE IMPRENTA)
Lugar de publicación, distribución, etc Madrid :
Nombre del editor, distribuidor, etc. Fher,
Fecha de publicación, distribución, etc 1977.
300 ## - DESCRIPCIÓN FÍSICA
Extensión 112 p.:
Otros detalles físicos il.
Dimensiones 25 m
500 ## - NOTA GENERAL
Nota general Libro de pasta dura.
942 ## - ADDED ENTRY ELEMENTS (KOHA)
Source of classification or shelving scheme Dewey Decimal Classification
Koha item type Libros
945 ## - INFORMACIÓN DE PROCESAMIENTO LOCAL
Información de procesamiento local inventariado, 2018 / dg
956 ## - LOCAL ELECTRONIC LOCATION AND ACCESS (OCLC)
Nombre de host YLOCKWARD
Campo enlazado y núm. de secuencia 10
Información de compresión BPMSU
Existencias
Withdrawn status Lost status Source of classification or shelving scheme Damaged status Not for loan Home library Current library Date acquired Source of acquisition Total Checkouts Barcode Date last seen Price effective from Koha item type
    Dewey Decimal Classification     Biblioteca Pública Metropolitana Salomé Ureña Biblioteca Pública Metropolitana Salomé Ureña 07/22/2016 Sellar   BPMSU16070637 07/22/2016 07/22/2016 Libros